Safety and health in dock work

Enregistré dans:
Détails bibliographiques
Collectivité auteur: International Labour Office (Auteur)
Format: Livre
Langue:anglais
Publié: Ginebra I.L.O 1958
Sujets:
Tags: Ajouter un tag
Pas de tags, Soyez le premier à ajouter un tag!

MARC

LEADER 00000nam a2200000 a 4500
001 UCU2678
003 CL-VaPUC
008 960426e19580000SZ |||||||||||||||||eng|d
082 0 4 |a 613  |b INT  |2 21 
110 2 |a International Labour Office  |e author  |9 359043 
245 1 0 |a Safety and health in dock work 
300 |a 125 p 
942 |c BK 
945 |d 19960426 00:00:00  |a paguirre 
260 |a Ginebra  |b I.L.O  |c 1958 
650 0 |a Salud  |9 258663 
650 0 |a Trabajo  |9 313876 
650 7 |a PERSONAL  |2 CL-VaPUC  |9 343747 
650 7 |a PELIGROS PARA LA SALUD  |2 CL-VaPUC  |9 342106 
650 0 |a Prevención de accidentes   |9 262912 
583 |a last modification  |c 19960426 00:00:00  |k Rodrigo Vera 
999 |c 246914  |d 246912 
952 |0 0  |1 0  |4 0  |6 613_000000000000000_INT_1958  |7 0  |8 A  |9 262276  |a BIBING  |b BIBING  |d 2019-11-19  |i 1642332  |o 613 INT 1958  |p 1642332  |r 2025-01-20  |w 2019-11-19  |y BK  |k ING